|
|
|
|
| LEADER |
01723nam a2200445 a 4500 |
| 001 |
000756604 |
| 003 |
CZ BrMZK |
| 005 |
20090612150349.0 |
| 007 |
ta |
| 008 |
041220s2003 xr erp 000 0 cze d |
| 015 |
|
|
|a cnb001300652
|
| 020 |
|
|
|a 80-7251-142-4
|q (brož.)
|
| 035 |
|
|
|a (OCoLC)85093252
|
| 040 |
|
|
|a BOA001
|b cze
|
| 072 |
|
7 |
|a 321
|x Politologie
|2 Konspekt
|9 15
|
| 072 |
|
7 |
|a 37.016
|x Učební osnovy. Vyučovací předměty. Učebnice
|2 Konspekt
|9 22
|
| 080 |
|
|
|a 316.422
|2 MRF
|
| 080 |
|
|
|a 351.74/.75
|2 MRF
|
| 080 |
|
|
|a 355.02
|2 MRF
|
| 080 |
|
|
|a 321.01
|2 MRF
|
| 080 |
|
|
|a (075.8)
|2 MRF
|
| 100 |
1 |
|
|a Zoubek, Vladimír,
|d 1952-
|7 jn19981002446
|4 aut
|
| 245 |
1 |
0 |
|a Postmoderní problémy recentní státovědy /
|n Vladimír Zoubek
|
| 250 |
|
|
|a Vyd. 1.
|
| 260 |
|
|
|a Praha :
|b Vydavatelství PA ČR,
|c 2003
|
| 300 |
|
|
|a 249 s. ;
|c 30 cm
|
| 500 |
|
|
|a 400 výt.
|
| 504 |
|
|
|a Obsahuje bibliografii a bibliografické odkazy
|
| 550 |
|
|
|a Vydavatel: Policejní akademie České republiky. Katedra veřejnoprávních disciplín
|
| 650 |
0 |
7 |
|a globalizace
|7 ph120568
|2 czenas
|
| 650 |
0 |
7 |
|a vnitřní bezpečnost
|7 ph116711
|2 czenas
|
| 650 |
0 |
7 |
|a bezpečnostní politika
|7 ph118836
|2 czenas
|
| 650 |
0 |
7 |
|a státověda
|7 ph116312
|2 czenas
|
| 655 |
|
7 |
|a učebnice vysokých škol
|7 fd133772
|2 czenas
|
| 710 |
2 |
|
|a Policejní akademie České republiky.
|b Katedra veřejnoprávních disciplín
|7 ko2002159776
|
| 856 |
4 |
1 |
|u http://www.digitalniknihovna.cz/mzk/uuid/uuid:d1370de0-106e-11e3-9923-005056827e52
|y Digitalizovaný dokument
|x NDK
|
| 910 |
|
|
|a BOA001
|b 3-1144.941
|
| 990 |
|
|
|a BK
|
| 991 |
|
|
|b 200502
|c NOV
|
| 996 |
6 |
|
|b 2610237667
|c 3-1144.941
|l MZK
|r Sklad / do 1 hodiny
|n 3
|p p.v.
|w 000756604
|u 000010
|a 1
|e BOA001
|j MZK50
|s P
|